000 00691nam a2200193 a 4500
001 000385115
003 AM-YeHGA
005 20250618072324.0
008 041119s1952 ai 000 | arm d
040 _aAM-YeHGA
041 0 _aarm
100 1 _aՏարոնյան, Էդվարդ,
_d1896-1960
245 1 0 _aՄանկապատում /
_cԵդ. Տարօնեան; Պատկ.՝ Տ. Աճէմեան.
260 _aՊէյրութ :
_bտպ. Էտվան,
_c1952.
300 _a118 էջ :
_bգուն. նկ. ;
_c24 սմ.
650 1 4 _aՀայ մանկական գրականություն
_95413
700 1 _aԱճեմյան, Տիրան Մարտիրոսի,
_d1902-1991
_eպատկ.
_4art
_91822
090 _c148086
999 _c146699
_d146699